Normal view
MARC view
Entry Personal Name
001 - CONTROL NUMBER
- control field: 51986
003 - CONTROL NUMBER IDENTIFIER
- control field: dpl
005 - DATE AND TIME OF LATEST TRANSACTION
- control field: 20120904114548.0
008 - FIXED-LENGTH DATA ELEMENTS
- fixed length control field: 120904|||a|||||| | ||| d
040 ## - CATALOGING SOURCE
- Original cataloging agency: dpl
- Transcribing agency: dpl
100 ## - HEADING--PERSONAL NAME
- Personal name: Pal, Bipin Chandra
670 ## - SOURCE DATA FOUND
- Source citation: Work cat.: (dpl): Pal, Bipin Chandra, The soul of India:, 2010
670 ## - SOURCE DATA FOUND
- Source citation: Work cat.: (dpl): Pal, Bipin Chandra, The soul of India:, 2010
